Länder mit den meisten Touristen in Amerika - Statistiken

Allgemein
  • Dieses Quiz wurde 192 mal gespielt
  • Das Durchschnittsergebnis liegt bei 13 aus 15
Antwortstatistiken
Platz Land Anzahl % Korrekt
3. Kanada 21,13 Mio.
99%
2. Mexiko 41,45 Mio.
98%
4. Argentinien 6,94 Mio.
95%
5. Brasilien 6,62 Mio.
94%
1. Vereinigte Staaten 79,62 Mio.
92%
7. Chile 5,72 Mio.
90%
10. Kolumbien 3,9 Mio.
90%
9. Peru 4,42 Mio.
88%
14. Ecuador 2,43 Mio.
85%
8. Kuba 4,68 Mio.
85%
11. Uruguay 3,47 Mio.
82%
12. Costa Rica 3,02 Mio.
81%
13. Jamaika 2,47 Mio.
78%
6. Dominikanische Republik 6,57 Mio.
76%
15. Nicaragua 1,79 Mio.
65%
Keine übereinstimmenden Quizze gefunden
Verteilung der Resultate
Anzahl Personen mit jedem Resultat
Perzentil nach korrekt beantworteten Fragen
Ihre Resultats-Entwicklung
Sie haben dieses Quiz noch nicht gespielt